000
00307nam a22001337a 4500
008
170303b xxu||||| |||| 00| 0 eng d
020
_a
2900716749393
041
_a
eng
080
_2
8 ED
_a
575
100
_a
5
101
_a
SHM
245
_a
INTRODUCTION TO GENETICS ANALYSIS
_c
LEWONTIN .W
942
_2
udc
_c
BK
999
_c
6748
_d
6748